[Event "Hum na Sutli op 14th"]
[Site "Hum na Sutli"]
[Date "2022.08.26"]
[Round "9"]
[White "Horvat, David"]
[Black "Car, Filip"]
[Result "1/2-1/2"]
[WhiteElo "2174"]
[BlackElo "1972"]
[PlyCount "120"]
[EventDate "2022.08.20"]
[EventType "swiss"]
[EventRounds "9"]
[EventCountry "CRO"]
[SourceTitle "CBM 210 Extra"]
[Source "ChessBase"]
[SourceDate "2022.11.30"]
[SourceVersion "1"]
[SourceVersionDate "2022.11.30"]
[SourceQuality "1"]

1. e4 c5 2. Nf3 d6 3. d4 cxd4 4. Nxd4 Nf6 5. Nc3 a6 6. Bc4 e6 7. Bb3 b5 8. 0-0 Be7 9. Qf3 Qb6 10. Be3 Qb7 11. Qg3 b4 12. Na4 Nbd7 13. f3 0-0 14. Rfd1 Nc5 15. Rac1 Bd7 16. Nxc5 dxc5 17. Ne2 a5 18. e5 Ne8 19. c4 g6 20. Bh6 Ng7 21. Bc2 Rfd8 22. Bg5 Bc6 23. Bf6 Nh5 24. Qh4 Nxf6 25. exf6 Bf8 26. Ng3 Qc7 27. Ne4 Bxe4 28. Qxe4 Ra6 29. Rxd8 Qxd8 30. Rd1 Qxf6 31. b3 Kg7 32. f4 h5 33. Qe5 Qxe5 34. fxe5 Be7 35. Kf2 Ra7 36. Kf3 Kf8 37. g3 Ke8 38. Be4 Ra6 39. Bb7 Rb6 40. Bc8 Rb8 41. Bd7+ Kf8 42. Bc6 Rd8 43. Rxd8+ Bxd8 44. h3 Kg7 45. Bb7 Bg5 46. Ke4 Bd2 47. g4 h4 48. Bc8 Kh6 49. Bd7 Bc3 50. Be8 Kg7 51. Bd7 Bd4 52. Bc8 Bf2 53. Bd7 Bg3 54. Be8 Kf8 55. Bd7 Ke7 56. Bc8 Bh2 57. Bb7 Kd7 58. Ba6 Bg1 59. Bb5+ Ke7 60. Ba4 Bd4 1/2-1/2

[Event "Hum na Sutli op 14th"]
[Site "Hum na Sutli"]
[Date "2022.08.23"]
[Round "6"]
[White "Hamer, Ivan"]
[Black "Horvat, David"]
[Result "0-1"]
[WhiteElo "1917"]
[BlackElo "2174"]
[PlyCount "92"]
[EventDate "2022.08.20"]
[EventType "swiss"]
[EventRounds "9"]
[EventCountry "CRO"]
[SourceTitle "CBM 210 Extra"]
[Source "ChessBase"]
[SourceDate "2022.11.30"]
[SourceVersion "1"]
[SourceVersionDate "2022.11.30"]
[SourceQuality "1"]

1. d4 Nf6 2. Nf3 g6 3. g3 Bg7 4. Bg2 0-0 5. 0-0 d6 6. Nc3 Nbd7 7. e4 e5 8. h3 c6 9. Be3 Re8 10. Qd2 exd4 11. Nxd4 Nb6 12. Qd3 d5 13. exd5 Nbxd5 14. Nxd5 Nxd5 15. Rad1 Nxe3 16. fxe3 Qe7 17. Rde1 c5 18. Nb5 Be6 19. Nc3 Rad8 20. Nd5 Qg5 21. e4 Be5 22. h4 Qxg3 23. Qxg3 Bxg3 24. Nf6+ Kf8 25. Nxe8 Kxe8 26. Rd1 Bxh4 27. Rxd8+ Kxd8 28. Kh2 Ke7 29. Bh3 Bc4 30. Rd1 Bb5 31. Kg2 Bc6 32. Kf3 f5 33. Ke3 Bxe4 34. c3 Bf6 35. Bf1 h5 36. Bb5 a6 37. Bc4 b5 38. Bd5 Bc2 39. Rg1 Kd6 40. Bf7 g5 41. Bxh5 g4 42. Kf4 Be5+ 43. Kg5 Be4 44. Re1 Bg3 45. Re3 Bf2 46. Re2 g3 0-1

[Event "Hum na Sutli op 14th"]
[Site "Hum na Sutli"]
[Date "2022.08.20"]
[Round "1"]
[White "Horvat, David"]
[Black "Mlinaric, Andrija"]
[Result "0-1"]
[WhiteElo "2174"]
[BlackElo "1781"]
[PlyCount "84"]
[EventDate "2022.08.20"]
[EventType "swiss"]
[EventRounds "9"]
[EventCountry "CRO"]
[SourceTitle "CBM 210 Extra"]
[Source "ChessBase"]
[SourceDate "2022.11.30"]
[SourceVersion "1"]
[SourceVersionDate "2022.11.30"]
[SourceQuality "1"]

1. e4 c5 2. Nf3 Nc6 3. d4 cxd4 4. Nxd4 e5 5. Nb5 d6 6. N1c3 a6 7. Na3 b5 8. Nd5 Nf6 9. Bg5 Be7 10. Bxf6 Bxf6 11. c4 b4 12. Nc2 a5 13. g3 Bg5 14. h4 Bh6 15. Bh3 Bxh3 16. Rxh3 Ne7 17. g4 Nxd5 18. Qxd5 Bf4 19. a3 bxa3 20. Qc6+ Ke7 21. Rb3 Rb8 22. Raxa3 Qd7 23. Qd5 Qxg4 24. Rb7+ Rxb7 25. Qxb7+ Kf6 26. Rd3 Qg1+ 27. Ke2 Qg4+ 28. Kf1 Rd8 29. c5 Qxh4 30. cxd6 Qh1+ 31. Ke2 Qh5+ 32. Rf3 Rxd6 33. Ne3 Rd2+ 34. Kxd2 Qxf3 35. Kd3 Bxe3 36. fxe3 Qd1+ 37. Kc4 Qe2+ 38. Kb3 Qxe3+ 39. Ka4 Qc5 40. Qa6+ Kg5 41. Qxa5 Qxa5+ 42. Kxa5 h5 0-1

[Event "CRO Topla Voda Cup"]
[Site "Tuhovec"]
[Date "2022.08.06"]
[Round "11.1"]
[White "Friscic, Matej"]
[Black "Horvat, David"]
[Result "0-1"]
[WhiteElo "1927"]
[BlackElo "2206"]
[PlyCount "80"]
[EventDate "2022.08.06"]
[EventType "team-tourn (blitz)"]
[EventRounds "11"]
[EventCountry "CRO"]
[SourceTitle "CBM 209 Extra"]
[Source "ChessBase"]
[SourceDate "2022.09.30"]
[SourceVersion "1"]
[SourceVersionDate "2022.09.30"]
[SourceQuality "1"]
[WhiteTeam "Var Toplice Mladost II"]
[BlackTeam "Strigova Stridon II"]
[WhiteTeamCountry "CRO"]
[BlackTeamCountry "CRO"]

1. d4 Nf6 2. c4 c5 3. d5 e6 4. Nc3 exd5 5. cxd5 d6 6. e4 g6 7. f4 Bg7 8. Bb5+ Nfd7 9. a4 0-0 10. Nf3 Na6 11. 0-0 Nb4 12. Na2 a6 13. Bc4 Rb8 14. Nxb4 cxb4 15. a5 Nc5 16. Qc2 Bg4 17. Bd2 b5 18. axb6 Qxb6 19. Be3 b3 20. Qe2 a5 21. h3 Bxf3 22. gxf3 a4 23. Ra3 Qb4 24. Bxc5 Qxc5+ 25. Kg2 Rb4 26. Bd3 Qd4 27. Rb1 Rc8 28. Raa1 Bh6 29. Rc1 Rxc1 30. Rxc1 Bxf4 31. Rc8+ Kg7 32. Bb5 a3 33. bxa3 b2 34. axb4 b1Q 35. Qf2 Qxf2+ 36. Kxf2 Qxb4 37. Be2 Qd4+ 38. Kg2 Qd2 39. Kf1 Bg3 40. Kg2 Qe1 0-1

[Event "CRO Topla Voda Cup"]
[Site "Tuhovec"]
[Date "2022.08.06"]
[Round "7.1"]
[White "Horvat, David"]
[Black "Skuhala, Jernej"]
[Result "0-1"]
[WhiteElo "2206"]
[BlackElo "2381"]
[PlyCount "72"]
[EventDate "2022.08.06"]
[EventType "team-tourn (blitz)"]
[EventRounds "11"]
[EventCountry "CRO"]
[SourceTitle "CBM 209 Extra"]
[Source "ChessBase"]
[SourceDate "2022.09.30"]
[SourceVersion "1"]
[SourceVersionDate "2022.09.30"]
[SourceQuality "1"]
[WhiteTeam "Strigova Stridon II"]
[BlackTeam "Mihovljan Sloboda"]
[WhiteTeamCountry "CRO"]
[BlackTeamCountry "CRO"]

1. e4 c6 2. d4 d5 3. exd5 cxd5 4. Bf4 e6 5. c3 Bd6 6. Bxd6 Qxd6 7. Nf3 Nf6 8. Bd3 0-0 9. 0-0 b6 10. Re1 Ba6 11. Bxa6 Nxa6 12. Ne5 Nc7 13. Nd2 Nd7 14. Qh5 f6 15. Nxd7 Qxd7 16. Re3 Rae8 17. Rae1 g6 18. Qh6 Qa4 19. Nf3 Qxa2 20. h4 Re7 21. b4 Qa4 22. Nh2 Qe8 23. Ng4 Qf7 24. Qf4 Qg7 25. Rf3 Kh8 26. Qd6 h5 27. Ne3 e5 28. dxe5 Rxe5 29. Rd1 Qf7 30. Nc2 Kg7 31. Nd4 Rfe8 32. Kh2 Re4 33. Qg3 Rg4 34. Qh3 Ne6 35. Nc6 Nf4 36. Rxf4 Rxf4 0-1

[Event "CRO Topla Voda Cup"]
[Site "Tuhovec"]
[Date "2022.08.06"]
[Round "5.1"]
[White "Horvat, David"]
[Black "Vidovic, Sasa"]
[Result "1/2-1/2"]
[WhiteElo "2206"]
[BlackElo "2303"]
[PlyCount "99"]
[EventDate "2022.08.06"]
[EventType "team-tourn (blitz)"]
[EventRounds "11"]
[EventCountry "CRO"]
[SourceTitle "CBM 209 Extra"]
[Source "ChessBase"]
[SourceDate "2022.09.30"]
[SourceVersion "1"]
[SourceVersionDate "2022.09.30"]
[SourceQuality "1"]
[WhiteTeam "Strigova Stridon II"]
[BlackTeam "Strahoninec"]
[WhiteTeamCountry "CRO"]
[BlackTeamCountry "CRO"]

1. e4 d6 2. d4 Nf6 3. Nc3 c6 4. Bg5 Qa5 5. Qd2 e5 6. Nge2 Be7 7. h3 0-0 8. g3 b5 9. Bg2 b4 10. Nd1 exd4 11. Nxd4 Nxe4 12. Bxe4 Bxg5 13. f4 Re8 14. Nf2 Bf6 15. 0-0 Qb6 16. c3 Nd7 17. Rfe1 Bb7 18. Nf5 d5 19. Bc2 bxc3 20. bxc3 Qc5 21. Nd4 Rxe1+ 22. Rxe1 Qd6 23. Ng4 Bxd4+ 24. cxd4 Nf6 25. Qd3 Ne4 26. Qb3 Rb8 27. Bxe4 dxe4 28. Qe3 h5 29. Ne5 f6 30. Ng6 Re8 31. g4 Qd5 32. f5 c5 33. dxc5 Qxa2 34. Re2 Qc4 35. Kf2 Ba6 36. Re1 Kh7 37. gxh5 Qd5 38. Qf4 e3+ 39. Kg3 Qxc5 40. h6 gxh6 41. Rd1 Qc6 42. Qd4 Qc7+ 43. Kh4 Qg7 44. Qd7 Qxd7 45. Rxd7+ Kg8 46. Ne7+ Kf8 47. Ng6+ Kg8 48. Ne7+ Kf8 49. Ng6+ Kg8 50. Kh5 1/2-1/2

[Event "CRO Topla Voda Cup"]
[Site "Tuhovec"]
[Date "2022.08.06"]
[Round "4.1"]
[White "Tica, Sven"]
[Black "Horvat, David"]
[Result "1/2-1/2"]
[WhiteElo "2350"]
[BlackElo "2206"]
[PlyCount "91"]
[EventDate "2022.08.06"]
[EventType "team-tourn (blitz)"]
[EventRounds "11"]
[EventCountry "CRO"]
[SourceTitle "CBM 209 Extra"]
[Source "ChessBase"]
[SourceDate "2022.09.30"]
[SourceVersion "1"]
[SourceVersionDate "2022.09.30"]
[SourceQuality "1"]
[WhiteTeam "Novi Zagreb"]
[BlackTeam "Strigova Stridon II"]
[WhiteTeamCountry "CRO"]
[BlackTeamCountry "CRO"]

1. e4 c5 2. Nc3 d6 3. f4 g6 4. Nf3 Bg7 5. g3 Nc6 6. Bg2 Rb8 7. 0-0 e6 8. d3 Nge7 9. Be3 Nd4 10. Qd2 0-0 11. Rae1 b5 12. f5 b4 13. Nd1 Nxf3+ 14. Bxf3 exf5 15. Bh6 fxe4 16. dxe4 Nc6 17. Bxg7 Kxg7 18. Ne3 Ne5 19. Be2 Be6 20. b3 Qe7 21. c3 a5 22. Rd1 Rbd8 23. h4 h5 24. Nf5+ Bxf5 25. exf5 Qc7 26. f6+ Kh7 27. Bxh5 d5 28. cxb4 axb4 29. Qg5 Rfe8 30. Bf3 Nxf3+ 31. Rxf3 Re5 32. Qf4 Rde8 33. Kg2 Qa7 34. Rf2 Qd7 35. Qc1 Qd6 36. a4 d4 37. Qc4 Qc6+ 38. Kh2 Kg8 39. Rxd4 Re1 40. Rd5 Qe6 41. h5 Rh1+ 42. Kxh1 Qh3+ 43. Kg1 Re1+ 44. Rf1 Qxg3+ 45. Kh1 Qh3+ 46. Kg1 1/2-1/2

[Event "Medjimurje Cup"]
[Site "Croatia "]
[Date "2020.02.16"]
[Round "2.1"]
[White "Forstnaric, Zdravko"]
[Black "Horvat, David"]
[Result "0-1"]
[WhiteElo "1901"]
[BlackElo "2195"]
[PlyCount "73"]
[EventDate "2020.02.09"]
[EventType "team-swiss"]
[EventRounds "6"]
[EventCountry "CRO"]
[SourceTitle "CBM 195 Extra"]
[Source "ChessBase"]
[SourceDate "2020.05.31"]
[SourceVersion "1"]
[SourceVersionDate "2020.05.31"]
[SourceQuality "1"]

1. d4 Nf6 2. Nf3 g6 3. Nbd2 d5 4. h3 Bg7 5. c4 c6 6. e3 0-0 7. Be2 Nbd7 8. 0-0 Re8 9. cxd5 cxd5 10. Bb5 a6 11. Ba4 b5 12. Bc2 Bb7 13. b3 Rc8 14. Bb2 Qb6 15. Rc1 Ne4 16. Nxe4 dxe4 17. Nd2 f5 18. f4 Bd5 19. g4 e6 20. Qe2 Bf8 21. Kf2 Qa5 22. Bb1 Bb4 23. Rxc8 Rxc8 24. Rc1 Rxc1 25. Bxc1 Nb6 26. Nf1 Bb7 27. Qc2 Be1+ 28. Ke2 Nd5 29. Bb2 Bc3 30. Bc1 Bc6 31. Nd2 Qc7 32. a3 a5 33. gxf5 gxf5 34. Qd1 Qg7 35. Qf1 Qg3 36. Nxe4 fxe4 37. Bxe4 0-1

[Event "Osijek op 12th"]
[Site "Osijek"]
[Date "2019.02.23"]
[Round "6.13"]
[White "Horvat, David"]
[Black "Cupic, Tvrtko1111"]
[Result "1-0"]
[WhiteElo "2183"]
[BlackElo "1714"]
[PlyCount "59"]
[EventDate "2019.02.21"]
[EventType "swiss"]
[EventRounds "7"]
[EventCountry "CRO"]
[SourceTitle "EXT 2023"]
[Source "ChessBase"]
[SourceDate "2022.10.05"]
[SourceVersion "1"]
[SourceVersionDate "2022.10.05"]
[SourceQuality "1"]

1. e4 e5 2. Nf3 Nc6 3. d4 exd4 4. Nxd4 Bc5 5. Nb3 Bb6 6. Nc3 Nf6 7. Qe2 0-0 8. Bg5 h6 9. Bh4 Re8 10. 0-0-0 d6 11. f3 a5 12. Nd5 g5 13. Nxb6 cxb6 14. Bf2 a4 15. Nd4 a3 16. b3 d5 17. Qe3 Qe7 18. Bb5 Bd7 19. Rhe1 dxe4 20. c4 Rac8 21. Bxc6 Bxc6 22. h4 Qc5 23. hxg5 exf3 24. Qf4 Ne4 25. gxh6 Re5 26. h7+ Kg7 27. Ne6+ Rxe6 28. Bxc5 Nxc5 29. Qg4+ Kxh7 30. Rh1+ 1-0

[Event "Osijek op 12th"]
[Site "Osijek"]
[Date "2019.02.23"]
[Round "5.7"]
[White "Horvat, David"]
[Black "Dabic, Stjepan"]
[Result "0-1"]
[WhiteElo "2183"]
[BlackElo "2123"]
[PlyCount "78"]
[EventDate "2019.02.21"]
[EventType "swiss"]
[EventRounds "7"]
[EventCountry "CRO"]
[SourceTitle "EXT 2023"]
[Source "ChessBase"]
[SourceDate "2022.10.05"]
[SourceVersion "1"]
[SourceVersionDate "2022.10.05"]
[SourceQuality "1"]

1. e4 c5 2. Nf3 d6 3. d4 cxd4 4. Nxd4 Nf6 5. Nc3 g6 6. Be3 Bg7 7. f3 0-0 8. Qd2 Nc6 9. Bc4 Bd7 10. 0-0-0 Rc8 11. Bb3 Ne5 12. Kb1 a6 13. g4 b5 14. h4 h5 15. Rdg1 Bxg4 16. Rg3 Kh7 17. fxg4 Nexg4 18. Nf3 b4 19. Ng5+ Kh8 20. Nd5 Nxd5 21. exd5 Nxe3 22. Qxe3 Qd7 23. Rf1 Kg8 24. Qe4 Qb5 25. Rgf3 Bf6 26. Rg1 Qc5 27. Rfg3 Qd4 28. Qxd4 Bxd4 29. Rd1 Be5 30. Rf3 a5 31. Rdf1 f6 32. Ne6 Rf7 33. Ba4 Rc4 34. Rh1 f5 35. Be8 Rf6 36. Ng5 Rg4 37. Bd7 Bg3 38. Ne4 fxe4 39. Re3 Rxh4 0-1

[Event "Osijek op 12th"]
[Site "Osijek"]
[Date "2019.02.22"]
[Round "4.2"]
[White "Stocko, Josip"]
[Black "Horvat, David"]
[Result "1-0"]
[WhiteElo "2294"]
[BlackElo "2183"]
[PlyCount "81"]
[EventDate "2019.02.21"]
[EventType "swiss"]
[EventRounds "7"]
[EventCountry "CRO"]
[SourceTitle "EXT 2023"]
[Source "ChessBase"]
[SourceDate "2022.10.05"]
[SourceVersion "1"]
[SourceVersionDate "2022.10.05"]
[SourceQuality "1"]

1. e4 c5 2. Nf3 d6 3. g3 Nf6 4. d3 g6 5. Bg2 Bg7 6. 0-0 0-0 7. h3 Nc6 8. Re1 e5 9. c3 Re8 10. Na3 h6 11. Bd2 Be6 12. b4 cxb4 13. cxb4 d5 14. b5 Nd4 15. Nxd4 exd4 16. e5 Nd7 17. f4 f6 18. exf6 Nxf6 19. Nc2 Qb6 20. a4 Bf5 21. Nb4 Kh7 22. g4 Be6 23. Rb1 Rad8 24. Nc2 Rc8 25. Nb4 Rcd8 26. Qf3 Qd6 27. a5 Rc8 28. Re2 Qd7 29. Rbe1 Bf7 30. Rxe8 Rxe8 31. Rxe8 Qxe8 32. g5 hxg5 33. fxg5 Nh5 34. Kf2 Be6 35. Nxd5 Qxb5 36. Nf6+ Bxf6 37. gxf6 Bf7 38. Qxb7 Qf5+ 39. Ke1 Qxf6 40. Qxa7 Kg7 41. Kd1 1-0

[Event "Medimurska CupT"]
[Site "Croatia"]
[Date "2019.02.10"]
[Round "1.6"]
[White "Horvat, David"]
[Black "Ivaci, David"]
[Result "1-0"]
[WhiteElo "2183"]
[BlackElo "1605"]
[PlyCount "37"]
[EventDate "2019.02.10"]
[EventType "team-swiss"]
[EventRounds "6"]
[EventCountry "CRO"]
[SourceTitle "EXT 2020"]
[Source "ChessBase"]
[SourceDate "2019.10.17"]
[SourceVersion "1"]
[SourceVersionDate "2019.10.17"]
[SourceQuality "1"]

1. e4 c5 2. Nf3 d6 3. d4 cxd4 4. Nxd4 Nf6 5. Nc3 a6 6. Bc4 e6 7. Bb3 b5 8. Bg5 Be7 9. Qf3 Qc7 10. 0-0-0 Nbd7 11. e5 Bb7 12. Qg3 dxe5 13. Bxe6 Rc8 14. Bxd7+ Nxd7 15. Bxe7 exd4 16. Bd6 Qc6 17. Rhe1+ Kd8 18. Be7+ Ke8 19. Bf6+ 1-0

[Event "CRO-chT2 Center qual"]
[Site "Garesnica"]
[Date "2018.11.18"]
[Round "1.2"]
[White "Horvat, David"]
[Black "Matko, Ognjen"]
[Result "0-1"]
[WhiteElo "2198"]
[BlackElo "2294"]
[PlyCount "72"]
[EventDate "2018.11.18"]
[EventType "team-match"]
[EventRounds "2"]
[EventCountry "CRO"]
[SourceTitle "CBM 187 Extra"]
[Source "ChessBase"]
[SourceDate "2018.11.04"]
[SourceVersion "1"]
[SourceVersionDate "2018.11.04"]
[SourceQuality "1"]
[WhiteTeam "Strigova Stridon II"]
[BlackTeam "Garesnica"]
[WhiteTeamCountry "CRO"]
[BlackTeamCountry "CRO"]

1. e4 c5 2. Nf3 Nc6 3. d4 cxd4 4. Nxd4 Nf6 5. Nc3 d6 6. Bc4 Qb6 7. Nb3 e6 8. 0-0 Be7 9. Kh1 a6 10. f4 Qc7 11. Qe2 b5 12. Bd3 Bb7 13. Bd2 b4 14. Nd1 a5 15. c3 0-0 16. Rc1 Qb8 17. Rf3 Rc8 18. Rh3 g6 19. Nf2 a4 20. Na1 bxc3 21. Bxc3 e5 22. f5 Nd4 23. Qd2 d5 24. Qh6 Bf8 25. Qh4 Bg7 26. fxg6 fxg6 27. Rf1 h6 28. Ng4 Nxg4 29. Qxg4 Rf8 30. Bxd4 Rxf1+ 31. Bxf1 Bc8 32. Qxg6 Bxh3 33. gxh3 exd4 34. Qe6+ Kh8 35. Qxd5 Qf8 36. e5 Qxf1# 0-1

[Event "CRO-chT1B 27th"]
[Site "Biograd"]
[Date "2018.09.19"]
[Round "5.16"]
[White "Horvat, David"]
[Black "Grgurevic, Boris"]
[Result "1/2-1/2"]
[WhiteElo "2212"]
[BlackElo "2145"]
[PlyCount "25"]
[EventDate "2018.09.15"]
[EventType "team-swiss"]
[EventRounds "9"]
[EventCountry "CRO"]
[SourceTitle "CBM 186 Extra"]
[Source "ChessBase"]
[SourceDate "2018.08.24"]
[SourceVersion "1"]
[SourceVersionDate "2018.08.24"]
[SourceQuality "1"]
[WhiteTeam "Strigova Stridon"]
[BlackTeam "Sibenik"]
[WhiteTeamCountry "CRO"]
[BlackTeamCountry "CRO"]

1. e4 g6 2. d4 Bg7 3. Nc3 d6 4. Be3 Nf6 5. h3 c6 6. Nf3 0-0 7. Bd3 Re8 8. 0-0 e5 9. dxe5 dxe5 10. a4 Qc7 11. a5 Nbd7 12. Na4 Nf8 13. Nc5 1/2-1/2

[Event "CRO Cup"]
[Site "Mali Losinj"]
[Date "2018.05.17"]
[Round "3.64"]
[White "Bojanic, Borislav"]
[Black "Horvat, David"]
[Result "0-1"]
[WhiteElo "1914"]
[BlackElo "2191"]
[PlyCount "126"]
[EventDate "2018.05.16"]
[EventType "team-swiss"]
[EventRounds "6"]
[EventCountry "CRO"]
[SourceTitle "CBM 184 Extra"]
[Source "ChessBase"]
[SourceDate "2018.06.28"]
[SourceVersion "1"]
[SourceVersionDate "2018.06.28"]
[SourceQuality "1"]
[WhiteTeam "Belisce"]
[BlackTeam "Strigova Stridon"]
[WhiteTeamCountry "CRO"]
[BlackTeamCountry "CRO"]

1. d4 Nf6 2. c4 g6 3. Nc3 Bg7 4. e4 d6 5. Be2 0-0 6. Bg5 c5 7. d5 a6 8. Qc2 Qa5 9. Bd2 Qc7 10. h4 h5 11. f3 Nbd7 12. Nh3 Ne5 13. Nf2 b5 14. b3 Rb8 15. Rc1 bxc4 16. bxc4 Bd7 17. 0-0 Rb4 18. Rb1 Nxc4 19. Rxb4 Nxd2 20. Nb1 Nxf1 21. Bxf1 Qa7 22. Rb2 Ne8 23. Nc3 Nc7 24. Bc4 Nb5 25. Nfd1 Bf6 26. g3 Nd4 27. Qd3 Bb5 28. Kg2 Bxc4 29. Qxc4 Rb8 30. Rxb8+ Qxb8 31. Qxa6 Kg7 32. Qc4 Qb4 33. Qd3 c4 34. Qb1 Qa3 35. f4 Qa7 36. a4 Nb3 37. Qa2 Qc5 38. Qc2 Qb4 39. Kh3 Qc5 40. Kg2 Qb4 41. Kh3 Nc5 42. g4 Nd3 43. Ne2 hxg4+ 44. Kxg4 Qe1 45. Ng3 Qxd1+ 46. Qxd1 Nf2+ 47. Kf3 Nxd1 48. h5 Bd4 49. hxg6 fxg6 50. Ne2 Bb6 51. e5 c3 52. Ke4 Nf2+ 53. Kf3 c2 54. a5 Bxa5 55. Kxf2 Bd2 56. Kf3 c1Q 57. Nxc1 Bxc1 58. Ke4 Bb2 59. exd6 exd6 60. Kf3 Kf6 61. Kg4 Bc1 62. Kg3 Kf5 63. Kf3 Bxf4 0-1

[Event "CRO-chT1B 26th"]
[Site "Mali Losinj"]
[Date "2017.09.29"]
[Round "2.4"]
[White "Novak, Danijel"]
[Black "Horvat, David"]
[Result "1/2-1/2"]
[WhiteElo "2317"]
[BlackElo "2211"]
[PlyCount "33"]
[EventDate "2017.09.28"]
[EventType "team-tourn"]
[EventRounds "9"]
[EventCountry "CRO"]
[SourceTitle "EXT 2018"]
[Source "ChessBase"]
[SourceDate "2017.10.13"]
[SourceVersion "1"]
[SourceVersionDate "2017.10.13"]
[SourceQuality "1"]
[WhiteTeam "Pula"]
[BlackTeam "Strigova Stridon"]
[WhiteTeamCountry "CRO"]
[BlackTeamCountry "CRO"]

1. e4 c5 2. c3 d5 3. exd5 Qxd5 4. d4 g6 5. dxc5 Qxc5 6. Be3 Qc7 7. Na3 a6 8. Qd2 Nd7 9. Nf3 Bg7 10. Be2 Ngf6 11. 0-0 0-0 12. Bf4 e5 13. Bh6 b5 14. Nc2 Bb7 15. Bxg7 Kxg7 16. a4 Nc5 17. Qg5 1/2-1/2

[Event "HUN-chT2 Szechenyi 1617"]
[Site "Hungary"]
[Date "2017.02.12"]
[Round "8.1"]
[White "Horvat, David"]
[Black "Horvath, Sandor"]
[Result "1/2-1/2"]
[WhiteElo "2191"]
[BlackElo "2248"]
[PlyCount "146"]
[EventDate "2016.09.25"]
[EventType "team-tourn"]
[EventRounds "11"]
[EventCountry "HUN"]
[SourceTitle "EXT 2021"]
[Source "ChessBase"]
[SourceDate "2020.10.23"]
[SourceVersion "1"]
[SourceVersionDate "2020.10.23"]
[SourceQuality "1"]
[WhiteTeam "Haladas Szombathely III"]
[BlackTeam "Csuti Baki Agrocentrum"]
[WhiteTeamCountry "HUN"]
[BlackTeamCountry "HUN"]

1. e4 Nc6 2. Nf3 d6 3. d4 Bg4 4. d5 Nb8 5. h3 Bxf3 6. Qxf3 g6 7. Qb3 Qc8 8. Bb5+ c6 9. Bc4 c5 10. f4 Bg7 11. Nd2 Nf6 12. e5 dxe5 13. fxe5 Nfd7 14. e6 fxe6 15. 0-0 Nf6 16. Bb5+ Kf8 17. Ne4 a6 18. Be2 exd5 19. Qxd5 Qc6 20. Qd8+ Qe8 21. Qc7 Nbd7 22. Ng5 h6 23. Ne6+ Kg8 24. Qxb7 Qb8 25. Qf3 Kh7 26. Nxg7 Kxg7 27. Qe3 Qe5 28. Qxe5 Nxe5 29. Bf4 Nc6 30. c3 Nd5 31. Bg3 Ne3 32. Rf3 Nf5 33. Bf2 Ne5 34. Rf4 Rhc8 35. g4 Nd6 36. Ra4 a5 37. Re1 g5 38. Bg3 Nd7 39. Bf3 Nb6 40. Rxe7+ Kf6 41. Bxd6 Nxa4 42. Bxa8 Rxa8 43. Re2 c4 44. Kf2 Ra6 45. Be5+ Kf7 46. Bd4 Rc6 47. Ke1 Nc5 48. Bxc5 Rxc5 49. Re4 Rb5 50. Rxc4 Rxb2 51. Ra4 Rc2 52. Ra3 Ke6 53. Kd1 Rh2 54. Rxa5 Rxh3 55. Kc2 Rh4 56. Kb3 Rxg4 57. Ra6+ Kf5 58. Rxh6 Rh4 59. Rd6 g4 60. a4 g3 61. Rd1 g2 62. Rg1 Rg4 63. a5 Ke5 64. a6 Rg7 65. Kb4 Kd6 66. Kb5 Kc7 67. c4 Rg3 68. Kc5 Rg5+ 69. Kd4 Kb6 70. Ke3 Kxa6 71. Kf2 Kb6 72. Rxg2 Rxg2+ 73. Kxg2 Kc5 1/2-1/2

[Event "CRO-chT2 Center 25th"]
[Site "Croatia"]
[Date "2016.10.23"]
[Round "9.35"]
[White "Spiranec, Noemi"]
[Black "Horvat, David"]
[Result "0-1"]
[WhiteElo "1912"]
[BlackElo "2169"]
[PlyCount "78"]
[EventDate "2016.03.13"]
[EventType "team-tourn"]
[EventRounds "11"]
[EventCountry "CRO"]
[SourceTitle "EXT 2019"]
[Source "ChessBase"]
[SourceDate "2018.10.10"]
[SourceVersion "1"]
[SourceVersionDate "2018.10.10"]
[SourceQuality "1"]

1. e4 c5 2. Nf3 d6 3. d3 Nc6 4. g3 g6 5. Bg2 Bg7 6. 0-0 Nf6 7. Nbd2 0-0 8. c3 e5 9. a4 h6 10. Nc4 Be6 11. Nfd2 d5 12. exd5 Nxd5 13. Ne4 Qe7 14. Ne3 Nc7 15. b3 f5 16. Nd2 Rad8 17. Qc2 Qd7 18. Ba3 Qxd3 19. Qxd3 Rxd3 20. Bxc6 bxc6 21. Ndc4 Na6 22. Na5 e4 23. Rab1 Rc8 24. Nd1 g5 25. Re1 Kf7 26. Nb7 Bf8 27. Re3 Rd2 28. f3 Bxb3 29. Nf2 Bc2 30. Rb2 exf3 31. Rxf3 Re8 32. Rxf5+ Kg6 33. Rf3 Re1+ 34. Kg2 g4 35. Rf4 h5 36. h3 Bh6 37. Nxc5 Bxf4 38. gxf4 gxh3+ 39. Kxh3 Nxc5 0-1

[Event "CRO-chT2 Center 25th"]
[Site "Croatia"]
[Date "2016.09.25"]
[Round "8.55"]
[White "Horvat, David"]
[Black "Cenkovcan, Andrija"]
[Result "1-0"]
[WhiteElo "2169"]
[BlackElo "2042"]
[PlyCount "65"]
[EventDate "2016.03.13"]
[EventType "team-tourn"]
[EventRounds "11"]
[EventCountry "CRO"]
[SourceTitle "EXT 2019"]
[Source "ChessBase"]
[SourceDate "2018.10.10"]
[SourceVersion "1"]
[SourceVersionDate "2018.10.10"]
[SourceQuality "1"]

1. e4 e6 2. d4 d5 3. Nc3 Nf6 4. e5 Nfd7 5. f4 c5 6. Nf3 Nc6 7. Be3 a6 8. Qd2 b5 9. dxc5 Bxc5 10. Bd3 Qb6 11. Bf2 Bb7 12. 0-0 Rc8 13. a3 Na5 14. b3 Bxf2+ 15. Rxf2 Nc5 16. Qe3 Qc7 17. Bxb5+ axb5 18. Nxb5 Qc6 19. Nd6+ Kd7 20. b4 Ne4 21. bxa5 Nxf2 22. Qxf2 Ba6 23. Nd4 Qc3 24. Rd1 g6 25. Nxf7 Rhf8 26. Ng5 h6 27. Ngxe6 Rg8 28. f5 Rce8 29. f6 Rxe6 30. Nxe6 Kxe6 31. f7 Rf8 32. Qf6+ Kd7 33. Qd6+ 1-0